Central Library OPAC University of Rajshahi

The teaching of sciences in African universities : (Record no. 8873)

MARC details
000 -LEADER
fixed length control field 00930cam a22002891 4500
001 - CONTROL NUMBER
control field 8873
003 - CONTROL NUMBER IDENTIFIER
rucl marc code BD-RjUL
005 - DATE AND TIME OF LATEST TRANSACTION
control field 20211208234653.0
008 - FIXED-LENGTH DATA ELEMENTS--GENERAL INFORMATION
fixed length control field 140119s1964 fr b 100 0 eng
035 ## - SYSTEM CONTROL NUMBER
System control number (BD-RjUL)8918
System control number (OCoLC)2226285
040 ## - CATALOGING SOURCE
Original cataloging agency DLC
Transcribing agency OClU
Modifying agency OCoLC
-- BD-RjUL
Language of cataloging eng
041 ## - LANGUAGE CODE
Language code of text/sound track or separate title eng
082 00 - DEWEY DECIMAL CLASSIFICATION NUMBER
Classification number 507
Author mark and year SET 1964
111 2# - MAIN ENTRY--MEETING NAME
Meeting name or jurisdiction name as entry element Seminar on the Teaching of Basic Sciences in African Universities
Number of part/section/meeting (1st :
Date of meeting 1962 :
Location of meeting Rabat, Morocco)
9 (RLIN) 29234
245 14 - TITLE STATEMENT
Title The teaching of sciences in African universities :
Remainder of title report /
260 ## - PUBLICATION, DISTRIBUTION, ETC. (IMPRINT)
Place of publication, distribution, etc. Paris :
Name of publisher, distributor, etc. Unesco,
Date of publication, distribution, etc. c1964.
300 ## - PHYSICAL DESCRIPTION
Pagination 112p. ;
Size 24cm.
490 1# - SERIES STATEMENT
Series statement The Development of higher education
500 ## - GENERAL NOTE
General note "ED(NS).63/xvii.3/A."
General note "[Held] 13 to 22 December 1962."
504 ## - BIBLIOGRAPHY, ETC. NOTE
Bibliography, etc Bibliographical footnotes.
650 #0 - SUBJECT ADDED ENTRY--TOPICAL TERM
Topical term or geographic name as entry element Science
General subdivision Study and teaching
Geographic subdivision Africa
9 (RLIN) 27587
942 ## - ADDED ENTRY ELEMENTS (KOHA)
Source of classification or shelving scheme Dewey Decimal Classification
Koha item type Books
Holdings
Lost status Source of classification or shelving scheme Damaged status Not for loan Collection code Permanent Location Current Location Shelving location Date acquired Source of acquisition Cost, normal purchase price Total Checkouts Full call number Date last seen Copy number Koha item type
  Dewey Decimal Classification   Not For Loan Non-fiction Central Library, University of Rajshahi Central Library, University of Rajshahi   10/09/1969 Zeitlinger 17.00   507 SET 1964 19/01/2014 C-1 Books